Gaming Quiz

Random Gaming Quiz
Score 0/5 Timer 05:00
0 Plays Today
Question Answer Wrong Answers
Who is your robotic butler? ???
98.8%
???
0.2%
???
0.2%
???
0.7%
Who is your faithful canine companion, who you meet at a Truck Stop? ???
98.6%
???
0%
???
0%
???
1.2%
Who are the Diamond City reporter(s)? ???
98.3%
???
0.7%
???
0.2%
???
0.5%
Who is the mayor of Diamond City, who hides a secret? ???
97.3%
???
0.7%
???
1%
???
0.7%
Who is the overseer of Vault 81? ???
81.6%
???
7%
???
4.8%
???
6.5%
Remove Ads.
Support Sporcle.
Get the best of Sporcle when you Go Orange. This ad-free experience offers more features, more stats, and more fun while also helping to support Sporcle. Thank you for becoming a member.

You're not logged in!

Compare scores with friends on all Sporcle quizzes.
OR
Log In

Show Comments

Extras

Created Sep 14, 2017ReportNominate
Tags:Character, description, fallout

Top Quizzes Today


Score Distribution

Your Account Isn't Verified!

In order to create a playlist on Sporcle, you need to verify the email address you used during registration. Go to your Sporcle Settings to finish the process.

Report this User

Report this user for behavior that violates our Community Guidelines.

Details: